Marketing And Export Of Marine-Based Food Products / by (Record no. 1560)
[ view plain ]
| 000 -LEADER | |
|---|---|
| fixed length control field | 01084nam a22002891u 4500 |
| 001 - CONTROL NUMBER | |
| control field | 04235 |
| 003 - CONTROL NUMBER IDENTIFIER | |
| control field | HDC |
| 007 - PHYSICAL DESCRIPTION FIXED FIELD--GENERAL INFORMATION | |
| fixed length control field | cr cn ---aaaaa |
| 008 - FIXED-LENGTH DATA ELEMENTS--GENERAL INFORMATION | |
| fixed length control field | 210115p9999 my fo d 00 engg |
| 040 ## - CATALOGING SOURCE | |
| Original cataloging agency | HDC |
| 100 ## - MAIN ENTRY--PERSONAL NAME | |
| Personal name | Norasma Dacho, |
| Relator term | author |
| Titles and words associated with a name | Hajah |
| 9 (RLIN) | 4357 |
| 245 #0 - TITLE STATEMENT | |
| Title | Marketing And Export Of Marine-Based Food Products / by |
| Statement of responsibility, etc. | Hajjah Norasma Dacho, Rayner Datuk Stuel Galid and Alvin Wong Tsun Vui |
| 260 ## - PUBLICATION, DISTRIBUTION, ETC. | |
| Place of publication, distribution, etc. | [no place] : |
| Name of publisher, distributor, etc. | [publisher not identified], |
| Date of publication, distribution, etc. | [no year] |
| 300 ## - PHYSICAL DESCRIPTION | |
| Extent | 29 pages : |
| Other physical details | illustrations |
| 336 ## - CONTENT TYPE | |
| Content type term | text |
| Source | rdacontent |
| 337 ## - MEDIA TYPE | |
| Media type term | computer |
| Source | rdamedia |
| 338 ## - CARRIER TYPE | |
| Carrier type term | online resource |
| Source | rdacarrier |
| 650 ## - SUBJECT ADDED ENTRY--TOPICAL TERM | |
| Topical term or geographic name entry element | Marine-based food |
| 9 (RLIN) | 4358 |
| 650 ## - SUBJECT ADDED ENTRY--TOPICAL TERM | |
| Topical term or geographic name entry element | Marketing |
| 9 (RLIN) | 378 |
| 650 ## - SUBJECT ADDED ENTRY--TOPICAL TERM | |
| Topical term or geographic name entry element | seafood industry |
| Geographic subdivision | Malaysia |
| 9 (RLIN) | 4359 |
| 700 ## - ADDED ENTRY--PERSONAL NAME | |
| Personal name | Alvin, Wong Tsun Vui |
| Relator term | author |
| 9 (RLIN) | 4361 |
| 700 ## - ADDED ENTRY--PERSONAL NAME | |
| Personal name | Rayner Datuk Stuel Galid |
| Relator term | author |
| 9 (RLIN) | 4360 |
| 856 ## - ELECTRONIC LOCATION AND ACCESS | |
| Public note | Request full-text at [email protected] |
| 942 ## - ADDED ENTRY ELEMENTS (KOHA) | |
| Source of classification or shelving scheme | Library of Congress Classification |
| 942 ## - ADDED ENTRY ELEMENTS (KOHA) | |
| Koha item type | Electronic Sources |
| 942 ## - ADDED ENTRY ELEMENTS (KOHA) | |
| Call number prefix | REPT-9999-000172 |
| Withdrawn status | Lost status | Source of classification or shelving scheme | Damaged status | Not for loan | Home library | Current library | Shelving location | Date acquired | Total checkouts | Full call number | Date last seen | Price effective from | Koha item type |
|---|---|---|---|---|---|---|---|---|---|---|---|---|---|
| Library of Congress Classification | Halal Development Corporation Library | Halal Development Corporation Library | Open Shelves | 24/05/2023 | REPT-9999-000172 | 24/05/2023 | 24/05/2023 | Electronic Sources |
